| 000 | 00446nam a2200181Ia 4500 | ||
|---|---|---|---|
| 005 | 20240715095013.0 | ||
| 008 | 131103s9999 xx 000 0 und d | ||
| 020 | _a7011 1857 1London | ||
| 040 | _aLoreto College | ||
| 041 | _aEnglish | ||
| 082 |
_a821 _bBAL |
||
| 245 |
_aThat way and this _b poetry for creative dance |
||
| 260 |
_aLondon _bChatto _c1972 |
||
| 300 | _a128p. | ||
| 650 | _aEnglish poetry | ||
| 850 | _aLCBED | ||
| 942 | _cBK | ||
| 999 |
_c29593 _d80072 |
||